000 00858nam a2200313Ia 4500
001 4094
005 20240113233711.0
007 ta
008 050608s1995 g b000 u asm u
020 _a81-85921-105
_cRs. 30.00
040 _aCotton College,Assam
041 _aasm
082 _a891.4109
_bDu 95 As
100 _aDutta, Anima .
245 0 _aAsamor Baishnav Sahitya Aru Darshan /
_cAnima Dutta.
_hTextual Documents
250 _a1st ed /
260 _aGuwahati :
_bLawyer`s Book Stall ,
_c1995.
300 _a137p. ;
_c22cm..
365 _aRs. 30.00
653 _aAssamese Literature-Criticism
653 _aPG-Assamese
653 _aReligious Literature-Baishnav
653 _aAssamese Essays
653 _aT/G-Assamese
942 _2ddc
_cBK
999 _c4082
_d4082